000 00307nam a22001457a 4500
020 _a978-93-830-99-1
082 _a001
_bJOS/T
100 _aJOSE, JOBY
245 _a1555 SCIENCE QUIZ
260 _aTHRISSUR
_bH&C
300 _a64
520 _aSCIENCE QUIZ
650 _aSCIENCE QUIZ
_zKERALA
942 _cBK
999 _c6098
_d6098